000 00507nam a2200181 a 4500
005 20140310183426.0
008 070927s19uu xx 00 eng d
020 _a9780470121689
050 _aQA 95
_b.Sh4699 2007
100 _aShasha, Dennis E.
245 _aPuzzles for Programmers and Pros. /
_cDennis E. Shasha.
260 _aU.S.A :
_bWiley,
_c2007.
300 _a226 p. :
_bill. ;
_c22 cm.
650 _aMathematical recreations.
650 _aPuzzles.
942 _cBK
_2lcc
_kFOR
999 _c22652
_d22652